[Event "Prague Festival op"]
[Site "Prague CZE"]
[Date "2020.02.22"]
[Round "9.4"]
[White "Roussel-Roozmon, Thomas"]
[Black "Pechac, Jergus"]
[Result "0-1"]
[WhiteElo "2473"]
[BlackElo "2499"]
[PlyCount "86"]
[EventDate "2020.02.14"]
[EventType "swiss"]
[EventRounds "9"]
[EventCountry "CZE"]
[TimeControl "40/5400+30:1800+30"]

1. d4 {[%emt 0:00:00]} d5 {[%emt 0:00:00]} 2. c4 {[%emt 0:00:04]} c6 {
[%emt 0:00:00]} 3. Nf3 {[%emt 0:00:19]} Nf6 {[%emt 0:00:00]} 4. e3 {
[%emt 0:00:20]} Bf5 {[%emt 0:00:00]} 5. Nc3 {[%emt 0:00:16]} e6 {[%emt 0:00:03]
} 6. Nh4 {[%emt 0:00:27]} Be4 {[%emt 0:00:05]} 7. f3 {[%emt 0:00:56]} Bg6 {
[%emt 0:00:07]} 8. Qb3 {[%emt 0:00:10]} Qc7 {[%emt 0:00:05]} 9. Bd2 {
[%emt 0:02:07]} Be7 {[%emt 0:00:48]} 10. cxd5 {[%emt 0:14:53]} Nxd5 {
[%emt 0:03:20]} 11. Nxg6 {[%emt 0:00:35]} hxg6 {[%emt 0:00:11]} 12. O-O-O {
[%emt 0:00:59]} Nd7 {[%emt 0:01:58]} 13. Nxd5 {[%emt 0:13:42]} exd5 {
[%emt 0:00:56]} 14. e4 {[%emt 0:03:28]} dxe4 {[%emt 0:04:25]} 15. fxe4 {
[%emt 0:02:57]} c5 {[%emt 0:00:05]} 16. dxc5 {[%emt 0:01:33]} Nxc5 {
[%emt 0:02:01]} 17. Bb5+ {[%emt 0:07:34]} Kf8 {[%emt 0:00:06]} 18. Qc2 {
[%emt 0:00:36]} Rc8 {[%emt 0:04:31]} 19. Kb1 {[%emt 0:00:44]} Rh4 {
[%emt 0:06:55]} 20. Be3 {[%emt 0:09:43]} Qe5 {[%emt 0:05:17]} 21. g3 {
[%emt 0:05:00]} Rxe4 {[%emt 0:03:15]} 22. Bf4 {[%emt 0:01:22]} Qf6 {
[%emt 0:00:29]} 23. Bd7 {[%emt 0:05:31]} Rd8 {[%emt 0:08:05]} 24. Rd5 {
[%emt 0:03:48]} Rxf4 {[%emt 0:01:26]} 25. gxf4 {[%emt 0:01:52]} Nxd7 {
[%emt 0:00:40]} 26. Qc7 {[%emt 0:03:09]} Qc6 {[%emt 0:01:58]} 27. Qxc6 {
[%emt 0:03:12]} bxc6 {[%emt 0:00:05]} 28. Ra5 {[%emt 0:00:03]} Ra8 {
[%emt 0:05:48]} 29. Rc1 {[%emt 0:01:18]} c5 {[%emt 0:00:34]} 30. Rb5 {
[%emt 0:01:11]} Nb6 {[%emt 0:00:59]} 31. Rd1 {[%emt 0:00:07]} Ke8 {
[%emt 0:05:32]} 32. Kc2 {[%emt 0:01:19]} Rc8 {[%emt 0:08:46]} 33. Rb3 {
[%emt 0:03:31]} f6 {[%emt 0:01:42]} 34. Rg3 {[%emt 0:04:05]} Kf7 {
[%emt 0:00:06]} 35. Rdg1 {[%emt 0:00:07]} Nd5 {[%emt 0:01:37]} 36. Rxg6 {
[%emt 0:00:23]} Bf8 {[%emt 0:00:07]} 37. R6g3 {[%emt 0:00:52]} Nxf4 {
[%emt 0:02:26]} 38. Ra3 {[%emt 0:00:33]} Rc7 {[%emt 0:00:06]} 39. h4 {
[%emt 0:00:36]} Ne2 {[%emt 0:00:59]} 40. Rg2 {[%emt 0:01:21]} Nd4+ {
[%emt 0:00:18]} 41. Kd3 {[%emt 0:31:17]} c4+ {[%emt 0:30:28]} 42. Kxd4 {
[%emt 0:00:22]} Bxa3 {[%emt 0:00:05]} 43. bxa3 {[%emt 0:00:04]} c3 {
[%emt 0:00:15]} 0-1

[Event "PRO League Atlantic"]
[Site "chess.com INT"]
[Date "2017.01.11"]
[Round "1"]
[White "Arnold, Mar"]
[Black "Roussel-Roozmon, Thomas"]
[Result "1-0"]
[WhiteElo "2524"]
[BlackElo "2463"]
[PlyCount "77"]
[EventDate "2017.01.11"]
[EventType "team"]
[EventRounds "7"]
[EventCountry "USA"]
[Source "Mark Crowther"]
[SourceDate "2017.01.16"]
[WhiteTeam "Montclair Sopranos"]
[BlackTeam "Toronto Dragons"]

1. d4 Nf6 2. Nf3 e6 3. c4 c5 4. e3 a6 5. Nc3 b6 6. d5 exd5 7. Nxd5 Nxd5 8. Qxd5
Nc6 9. Bd3 Be7 10. Bd2 Bb7 11. Qh5 g6 12. Qh6 Bf8 13. Qf4 Bg7 14. Bc3 O-O 15.
Be4 Bxc3+ 16. bxc3 Na5 17. Bxb7 Nxb7 18. Rd1 Qe7 19. O-O d6 20. Rd5 Rac8 21.
Rb1 Rc6 22. h4 Re8 23. Nd2 h5 24. Qg5 Qxg5 25. hxg5 Kf8 26. e4 Ke7 27. f4 Kd7
28. Kf2 Kc7 29. a4 Na5 30. g4 hxg4 31. Rh1 Kd7 32. Rh7 Ke7 33. f5 Rg8 34. fxg6
Rxg6 35. Rf5 Rc8 36. Rfxf7+ Ke8 37. e5 Nc6 38. exd6 Rxd6 39. Ne4 1-0

[Event "PRO League Atlantic"]
[Site "chess.com INT"]
[Date "2017.01.11"]
[Round "1"]
[White "Roussel-Roozmon, Thomas"]
[Black "Lenderman, Alex"]
[Result "0-1"]
[WhiteElo "2463"]
[BlackElo "2573"]
[PlyCount "94"]
[EventDate "2017.01.11"]
[EventType "team"]
[EventRounds "7"]
[EventCountry "USA"]
[Source "Mark Crowther"]
[SourceDate "2017.01.16"]
[WhiteTeam "Toronto Dragons"]
[BlackTeam "Montclair Sopranos"]

1. d4 e6 2. c4 b6 3. a3 Bb7 4. Nc3 f5 5. d5 Nf6 6. g3 Bd6 7. Bg2 O-O 8. Nh3 Na6
9. O-O Nc5 10. Qc2 a5 11. Rb1 Qe7 12. Nf4 e5 13. Nd3 e4 14. Nxc5 Bxc5 15. Nb5
c6 16. dxc6 dxc6 17. Nc3 Bd4 18. Rd1 Rad8 19. Bf4 Ng4 20. e3 Bxc3 21. Qxc3 g5
22. h3 gxf4 23. hxg4 fxg3 24. fxg3 fxg4 25. c5 Qxc5 26. Qxc5 bxc5 27. Rbc1
Rxd1+ 28. Rxd1 Re8 29. Rc1 Re5 30. Rc4 Bc8 31. Rxe4 Rxe4 32. Bxe4 Bd7 33. Kf2
Kg7 34. Ke2 h5 35. Kd3 Kf6 36. Kc4 Ke5 37. Bd3 Bf5 38. Bf1 Kd6 39. Bg2 Be6+ 40.
Kd3 Bd5 41. e4 Be6 42. e5+ Kxe5 43. Bxc6 Kf5 44. Kc3 Ke5 45. b4 axb4+ 46. axb4
cxb4+ 47. Kxb4 Bd5 0-1

[Event "PRO League Atlantic"]
[Site "chess.com INT"]
[Date "2017.01.11"]
[Round "1"]
[White "Smith, Dan"]
[Black "Roussel-Roozmon, Thomas"]
[Result "0-1"]
[WhiteElo "2070"]
[BlackElo "2463"]
[PlyCount "132"]
[EventDate "2017.01.11"]
[EventType "team"]
[EventRounds "7"]
[EventCountry "USA"]
[Source "Mark Crowther"]
[SourceDate "2017.01.16"]
[WhiteTeam "Montclair Sopranos"]
[BlackTeam "Toronto Dragons"]

1. e4 g6 2. d4 Bg7 3. Nf3 d6 4. Nc3 a6 5. Be3 b5 6. a4 b4 7. Ne2 Bb7 8. Ng3 Nd7
9. Qd2 c5 10. Bc4 Ngf6 11. dxc5 O-O 12. cxd6 Nxe4 13. Nxe4 Bxe4 14. Qxb4 exd6
15. Bxf7+ Rxf7 16. Qxe4 Bxb2 17. Rd1 Bc3+ 18. Ke2 Nf6 19. Qe6 Kg7 20. Bh6+ Kg8
21. Ng5 Qe8 22. Qxe8+ Rxe8+ 23. Kd3 Rc7 24. f3 Nd5 25. Ne4 Nb4+ 26. Ke2 d5 27.
Rhf1 dxe4 28. fxe4 Rxe4+ 29. Kf3 Re8 30. Kg3 Bg7 31. Bf4 Rxc2 32. Rd7 Nc6 33.
Kh3 Rf8 34. Rxg7+ Kxg7 35. Bh6+ Kxh6 36. Rxf8 Rc4 37. a5 Nxa5 38. Ra8 Rc6 39.
g3 Nc4 40. Kg2 a5 41. Kf3 Rb6 42. Ke4 Rb2 43. h4 Kh5 44. Kd4 Rb4 45. Ra7 h6 46.
Kc3 Kg4 47. Ra6 Rb6 48. Ra8 Rc6 49. Kd4 Kxg3 50. Kd5 Rc7 51. Rg8 Kxh4 52. Rxg6
h5 53. Rg1 Ne3+ 54. Ke4 Ng4 55. Rh1+ Kg5 56. Rg1 Re7+ 57. Kf3 a4 58. Ra1 Ra7
59. Kg3 a3 60. Kg2 a2 61. Kf3 Ra3+ 62. Ke2 h4 63. Kf1 h3 64. Kg1 Kh4 65. Kh1
Rb3 66. Rxa2 Rb1# 0-1

[Event "Pere Noel"]
[Site "Montreal CAN"]
[Date "2016.12.26"]
[Round "1.3"]
[White "Gauthier, Denis"]
[Black "Roussel-Roozmon, Thomas"]
[Result "0-1"]
[WhiteElo "2087"]
[BlackElo "2482"]
[PlyCount "172"]
[EventDate "2016.12.26"]
[EventType "swiss"]
[EventRounds "5"]
[EventCountry "CAN"]

1. d4 Nf6 2. c4 e6 3. Nf3 c5 4. d5 exd5 5. cxd5 g6 6. Nc3 d6 7. Bf4 a6 8. a4
Bg7 9. e3 O-O 10. h3 Qe7 11. Be2 Nbd7 12. O-O Rb8 13. Qd2 Ne8 14. Rfe1 Nc7 15.
a5 Re8 16. e4 Ne5 17. Nxe5 Bxe5 18. Bxe5 Qxe5 19. Rad1 g5 20. Rf1 Bd7 21. f4
gxf4 22. Rxf4 Nb5 23. Nxb5 axb5 24. Rdf1 Re7 25. Bg4 Bxg4 26. Rxg4+ Kh8 27.
Rgf4 Rf8 28. Kh1 f6 29. Qf2 Ref7 30. Qe2 c4 31. Qd2 Rg8 32. R1f2 Rg6 33. Qe3
Rfg7 34. Rf5 Qe7 35. Qd4 Rf7 36. R2f4 Kg7 37. Qb6 Qd7 38. Kh2 Rf8 39. Qd4 Qd8
40. Qc3 Qc7 41. h4 Kg8 42. Rxf6 Rfxf6 43. Rxf6 Qg7 44. Rf2 Rg4 45. Qh3 Qe5+ 46.
Kg1 Qxe4 47. Qc3 Qb1+ 48. Rf1 Qg6 49. Qf3 Qg7 50. Rf2 Rd4 51. Qh5 Qg6 52. Qf3
Qg7 53. Qh5 Re4 54. Qf5 Re1+ 55. Kh2 Qe5+ 56. Qxe5 Rxe5 57. Rd2 Re3 58. Kg1 h5
59. Kf2 Rb3 60. Ke2 Kg7 61. Kd1 Kf6 62. Kc2 Ke5 63. Rf2 Kxd5 64. Rf5+ Ke4 65.
Rxh5 d5 66. Rh7 Rg3 67. Rxb7 Rxg2+ 68. Kb1 d4 69. a6 Rg1+ 70. Ka2 Rg6 71. Rxb5
Rxa6+ 72. Kb1 Rg6 73. h5 Rg1+ 74. Kc2 Rg2+ 75. Kd1 Kd3 76. Ke1 Rh2 77. Kf1 Kc2
78. Rb4 Kd3 79. Rb5 Kc2 80. Rb4 c3 81. bxc3 dxc3 82. Rb5 Kd1 83. Rd5+ Rd2 84.
Re5 Rd6 85. Re1+ Kd2 86. Re2+ Kd3 0-1

[Event "Pere Noel"]
[Site "Montreal CAN"]
[Date "2016.12.27"]
[Round "2.3"]
[White "Roussel-Roozmon, Thomas"]
[Black "Prahov, Valentin"]
[Result "1-0"]
[WhiteElo "2482"]
[BlackElo "2122"]
[PlyCount "61"]
[EventDate "2016.12.26"]
[EventType "swiss"]
[EventRounds "5"]
[EventCountry "CAN"]

1. Nf3 Nf6 2. c4 g6 3. Nc3 d5 4. Qa4+ Nc6 5. d4 e6 6. Bf4 Bd7 7. cxd5 Nb4 8.
Qb3 Nbxd5 9. Bg5 Nb6 10. e4 Be7 11. Be2 O-O 12. O-O Kg7 13. Ne5 Ng8 14. Be3 f6
15. Nd3 f5 16. Nf4 Qc8 17. exf5 gxf5 18. a4 c6 19. Rac1 Nf6 20. Bf3 Bd6 21.
Rfe1 Re8 22. Bd2 Nbd5 23. Nd3 Nxc3 24. bxc3 Qc7 25. g3 Rad8 26. c4 e5 27. dxe5
Bxe5 28. Rxe5 Rxe5 29. Bf4 Rde8 30. Nxe5 Rxe5 31. Qc3 1-0

[Event "Pere Noel"]
[Site "Montreal CAN"]
[Date "2016.12.28"]
[Round "3.3"]
[White "Zhu, Hong Rui"]
[Black "Roussel-Roozmon, Thomas"]
[Result "0-1"]
[WhiteElo "2311"]
[BlackElo "2482"]
[PlyCount "46"]
[EventDate "2016.12.26"]
[EventType "swiss"]
[EventRounds "5"]
[EventCountry "CAN"]

1. e4 e5 2. Nf3 Nc6 3. d4 exd4 4. Bc4 Bc5 5. O-O d6 6. c3 Bg4 7. Qb3 Bxf3 8.
Bxf7+ Kf8 9. Bxg8 Rxg8 10. gxf3 Bb6 11. Qe6 Qf6 12. Qxf6+ gxf6+ 13. Kh1 Ne5 14.
f4 Nd3 15. c4 Re8 16. f3 f5 17. Nd2 Kf7 18. a3 Rg7 19. exf5 Re2 20. Ne4 Rgg2
21. Rd1 Rxh2+ 22. Kg1 Reg2+ 23. Kf1 Rh1+ 0-1

[Event "Pere Noel"]
[Site "Montreal CAN"]
[Date "2016.12.30"]
[Round "5.3"]
[White "Rodrigue-Lemieux, Shawn"]
[Black "Roussel-Roozmon, Thomas"]
[Result "1/2-1/2"]
[WhiteElo "2117"]
[BlackElo "2482"]
[PlyCount "110"]
[EventDate "2016.12.26"]
[EventType "swiss"]
[EventRounds "5"]
[EventCountry "CAN"]

1. e4 g6 2. Nc3 Bg7 3. Bc4 b6 4. d3 Bb7 5. Nf3 e6 6. O-O Ne7 7. Bf4 d6 8. Qd2
h6 9. Bb3 Nd7 10. d4 a6 11. a4 Nf6 12. Rfe1 g5 13. Bg3 Nh5 14. Qd3 Ng6 15. Ne2
O-O 16. Rad1 Qd7 17. c3 Kh8 18. Nd2 f5 19. f3 Rae8 20. Nf1 Qf7 21. exf5 Qxf5
22. Qxf5 exf5 23. Bf2 Ne7 24. Neg3 Nf6 25. Be6 f4 26. Nf5 Nxf5 27. Bxf5 Bc6 28.
Bc2 Kg8 29. Nd2 Rxe1+ 30. Rxe1 Re8 31. Rxe8+ Bxe8 32. Ne4 Nxe4 33. fxe4 Bg6 34.
Bb3+ Kf8 35. Bd5 Ke7 36. Bc6 Be8 37. Bxe8 Kxe8 38. Kf1 c6 39. Ke2 Kf7 40. g3
fxg3 41. Bxg3 Ke6 42. Ke3 b5 43. axb5 axb5 44. b3 d5 45. exd5+ cxd5 46. Kd3 h5
47. Be1 Bf8 48. c4 bxc4+ 49. bxc4 Bd6 50. cxd5+ Kxd5 51. h3 Bf4 52. Bf2 g4 53.
hxg4 hxg4 54. Be1 g3 55. Bxg3 Bxg3 1/2-1/2

[Event "Varennes"]
[Site "Varennes CAN"]
[Date "2016.10.07"]
[Round "1.3"]
[White "Ouellet, Maili-Jade"]
[Black "Roussel-Roozmon, Thomas"]
[Result "0-1"]
[WhiteElo "1929"]
[BlackElo "2485"]
[PlyCount "110"]
[EventDate "2016.10.07"]
[EventType "swiss"]
[EventRounds "5"]
[EventCountry "CAN"]

1. d4 Nf6 2. c4 e6 3. Nc3 Bb4 4. Qc2 d5 5. a3 Bxc3+ 6. Qxc3 c5 7. dxc5 d4 8.
Qc2 e5 9. Bg5 h6 10. Bh4 a5 11. Nf3 Qe7 12. h3 Qxc5 13. g4 Be6 14. Bg2 Nbd7 15.
Nd2 Rb8 16. Rb1 g5 17. Bg3 h5 18. gxh5 b6 19. b4 axb4 20. axb4 Qe7 21. Nf3 Rc8
22. Nxe5 Nxe5 23. Bxe5 Rxc4 24. Qd3 Rxh5 25. Bxd4 Rh4 26. Be3 Nd7 27. Ra1 Qxb4+
28. Bd2 Qc5 29. Ra8+ Ke7 30. O-O g4 31. Qg3 Rh7 32. Be3 Qh5 33. Rd1 gxh3 34.
Qd6+ Kf6 35. Bd4+ Ne5 36. Qd8+ Kg7 37. Qg8+ Kf6 38. Qd8+ Kf5 39. e4+ Kg4 40.
f3+ Nxf3+ 41. Bxf3+ Kxf3 42. Rd3+ Kg4 43. Rg3+ Kxg3 44. Qd6+ Kg4 45. Rg8+ Qg5
46. Rxg5+ Kxg5 47. Qg3+ Kh5 48. Be3 f6 49. Qf2 Rxe4 50. Bf4 Rg7+ 51. Kh1 Bd5
52. Qf3+ Rg4 53. Kh2 Rd4 54. Qe2 Rdxf4 55. Qe8+ Kg5 0-1

[Event "Varennes"]
[Site "Varennes CAN"]
[Date "2016.10.08"]
[Round "2.3"]
[White "Roussel-Roozmon, Thomas"]
[Black "Rodrigue-Lemieux, Shawn"]
[Result "1/2-1/2"]
[WhiteElo "2485"]
[BlackElo "2110"]
[PlyCount "94"]
[EventDate "2016.10.07"]
[EventType "swiss"]
[EventRounds "5"]
[EventCountry "CAN"]

1. c4 e5 2. g3 g6 3. Bg2 Bg7 4. Nc3 Ne7 5. e4 Nbc6 6. Nge2 O-O 7. O-O d6 8. d3
Be6 9. h3 f5 10. Nd5 Qd7 11. Kh2 Nd8 12. Bg5 Nc8 13. Qd2 fxe4 14. dxe4 c6 15.
Bxd8 Rxd8 16. Ne3 Nb6 17. b3 d5 18. cxd5 cxd5 19. exd5 Nxd5 20. Nxd5 Bxd5 21.
Rfd1 e4 22. Rac1 Qe7 23. Qe3 a6 24. Nc3 Bxc3 25. Rxc3 Bc6 26. Re1 Re8 27. Qd4
Rad8 28. Qc4+ Qf7 29. Qxf7+ Kxf7 30. Rce3 Rd2 31. R1e2 Rxe2 32. Rxe2 Kf6 33. g4
Ke5 34. Kg3 Kd4 35. Kf4 Rf8+ 36. Kg5 Kd3 37. Bf1 Kd4 38. Bg2 Kd3 39. Bf1 Kd4
40. Rc2 Bb5 41. Bxb5 axb5 42. Rc7 Rxf2 43. Rxh7 Rxa2 44. Kxg6 e3 45. h4 Ra6+
46. Kf5 Re6 47. Rd7+ Kc3 1/2-1/2

[Event "Varennes"]
[Site "Varennes CAN"]
[Date "2016.10.08"]
[Round "3.3"]
[White "Bolduc, Steve"]
[Black "Roussel-Roozmon, Thomas"]
[Result "0-1"]
[WhiteElo "2311"]
[BlackElo "2485"]
[PlyCount "80"]
[EventDate "2016.10.07"]
[EventType "swiss"]
[EventRounds "5"]
[EventCountry "CAN"]

1. d4 Nf6 2. Bg5 c5 3. d5 Ne4 4. Bf4 Qb6 5. Nd2 Qxb2 6. Nxe4 Qb4+ 7. c3 Qxe4 8.
e3 e6 9. c4 exd5 10. f3 Qf5 11. cxd5 d6 12. Bd3 Qf6 13. Ne2 g5 14. Bg3 Bg7 15.
Rc1 Qe7 16. h4 h6 17. hxg5 hxg5 18. Rxh8+ Bxh8 19. Kf2 Nd7 20. Qh1 Bf6 21. f4
b6 22. Rc4 gxf4 23. exf4 Kd8 24. Re4 Qf8 25. Bb5 Qh8 26. Qd1 a6 27. Bc6 Rb8 28.
Qa4 Kc7 29. Ba8 b5 30. Qa5+ Nb6 31. Bc6 Bb7 32. a4 Bxc6 33. dxc6 Kxc6 34. f5
Qc8 35. Qd2 Qxf5+ 36. Rf4 Qd5 37. Qc2 Be5 38. Rf5 Bxg3+ 39. Nxg3 Qd4+ 40. Kf1
Nc4 0-1

[Event "Varennes"]
[Site "Varennes CAN"]
[Date "2016.10.09"]
[Round "4.2"]
[White "Roussel-Roozmon, Thomas"]
[Black "Zhu, Hong Rui"]
[Result "1-0"]
[WhiteElo "2485"]
[BlackElo "2303"]
[PlyCount "153"]
[EventDate "2016.10.07"]
[EventType "swiss"]
[EventRounds "5"]
[EventCountry "CAN"]

1. c4 c5 2. g3 Nc6 3. Bg2 g6 4. Nc3 Bg7 5. Nf3 e5 6. O-O d6 7. a3 a5 8. Ne1 Be6
9. d3 Nge7 10. Nc2 d5 11. cxd5 Nxd5 12. Ne3 Nde7 13. Nc4 O-O 14. Bg5 f6 15. Be3
b6 16. Qa4 Qc7 17. f4 Rab8 18. fxe5 fxe5 19. Rxf8+ Rxf8 20. Rf1 Rb8 21. Bg5 Nd4
22. e3 Ndc6 23. Nd2 h6 24. Bf6 Qd7 25. Bxe7 Nxe7 26. Qxd7 Bxd7 27. Nd5 Nf5 28.
Nc4 Be6 29. g4 Nh4 30. Be4 Bxg4 31. Nf6+ Bxf6 32. Rxf6 Kg7 33. Rxb6 Rf8 34.
Nxe5 Bh3 35. Rb7+ Kf6 36. Nd7+ Bxd7 37. Rxd7 Rb8 38. Rc7 Rb5 39. a4 Rb4 40.
Rxc5 Rxa4 41. Rb5 Nf5 42. Kf2 Ra1 43. Rb3 a4 44. Ra3 Rb1 45. Ra2 Rc1 46. d4 Nd6
47. Bd3 Rd1 48. Ke2 Rh1 49. Rxa4 Rxh2+ 50. Kf3 Rd2 51. Bxg6 Kxg6 52. Ra6 Rxb2
53. Rxd6+ Kg7 54. Ra6 Rd2 55. Ra4 h5 56. e4 Rd3+ 57. Kf4 h4 58. Ke5 h3 59. Ra2
Kf7 60. d5 Rg3 61. Rf2+ Ke8 62. Kf4 Rg7 63. Rh2 Rf7+ 64. Kg3 Re7 65. Kf3 Rf7+
66. Kg4 Re7 67. Kf5 Rf7+ 68. Kg5 Re7 69. Kf5 Rf7+ 70. Ke6 Re7+ 71. Kd6 Rd7+ 72.
Kc6 Rh7 73. d6 Rh4 74. e5 Rh5 75. e6 Rh4 76. Ra2 Kf8 77. e7+ 1-0

[Event "Montreal op"]
[Site "Montreal CAN"]
[Date "2016.09.09"]
[Round "1.2"]
[White "Roussel-Roozmon, Thomas"]
[Black "Tonakanian, Stephan"]
[Result "1-0"]
[WhiteElo "2454"]
[BlackElo "2147"]
[PlyCount "87"]
[EventDate "2016.09.09"]
[EventType "swiss"]
[EventRounds "5"]
[EventCountry "CAN"]

1. d4 Nf6 2. c4 e5 3. dxe5 Ng4 4. Bf4 Bb4+ 5. Nd2 Nc6 6. Ngf3 Qe7 7. a3 Ncxe5
8. Nxe5 Nxe5 9. e3 Bxd2+ 10. Qxd2 O-O 11. Be2 d6 12. O-O Bf5 13. Qc3 Rfe8 14.
b4 h6 15. Bg3 Rad8 16. f3 Qf6 17. Rac1 Bc8 18. Rfd1 h5 19. h4 Qe7 20. c5 d5 21.
Bxe5 Qxe5 22. Qxe5 Rxe5 23. Kf2 Rde8 24. Rc3 c6 25. b5 Bd7 26. a4 g6 27. Rd4
Kg7 28. Rb4 R5e7 29. Bd1 f6 30. Bb3 Rd8 31. Rd3 Be8 32. bxc6 Bxc6 33. e4 Red7
34. exd5 Bxd5 35. Bxd5 Rxd5 36. Rxb7+ Kh6 37. Rxd5 Rxd5 38. c6 Rc5 39. c7 a6
40. Ke3 g5 41. Kd4 Rc2 42. Kd5 Kg6 43. Kd6 gxh4 44. Rb6 1-0

[Event "Montreal op"]
[Site "Montreal CAN"]
[Date "2016.09.10"]
[Round "2.3"]
[White "Khoudgarian, Natalia"]
[Black "Roussel-Roozmon, Thomas"]
[Result "0-1"]
[WhiteElo "2276"]
[BlackElo "2454"]
[PlyCount "104"]
[EventDate "2016.09.09"]
[EventType "swiss"]
[EventRounds "5"]
[EventCountry "CAN"]

1. e4 g6 2. d4 Bg7 3. c3 d6 4. f4 Nf6 5. Bd3 O-O 6. Nf3 c5 7. O-O cxd4 8. cxd4
Nc6 9. Nc3 Bg4 10. Be3 e5 11. Be2 exf4 12. Bxf4 Re8 13. h3 Bxf3 14. Bxf3 Qb6
15. Rf2 Qxd4 16. Nb5 Qxd1+ 17. Rxd1 Nxe4 18. Re2 Nc5 19. Rxe8+ Rxe8 20. Nxd6
Rd8 21. Rd2 Ne5 22. b4 Nxf3+ 23. gxf3 Ne6 24. Nxb7 Rd4 25. Be3 Rxb4 26. Nd8 Bd4
27. Bxd4 Rxd4 28. Rxd4 Nxd4 29. Kf2 Kf8 30. Ke3 Ke7 31. Nb7 Nb5 32. a4 Nc3 33.
a5 Kd7 34. h4 Kc7 35. Nc5 Kc6 36. Kd4 Nb5+ 37. Kc4 Nd6+ 38. Kb4 Nf5 39. Ne4
Nxh4 40. Ng5 h5 41. f4 Ng2 42. f5 gxf5 43. Nxf7 h4 44. Ne5+ Kd5 45. Nf3 a6 46.
Ng1 Nf4 47. Nf3 h3 48. Nh2 Nd3+ 49. Kc3 Ne5 50. Nf1 Ng4 51. Ng3 f4 52. Nh1 Ke4
0-1

[Event "Montreal op"]
[Site "Montreal CAN"]
[Date "2016.09.10"]
[Round "3.2"]
[White "Roussel-Roozmon, Thomas"]
[Black "Sriram, Jha"]
[Result "1-0"]
[WhiteElo "2454"]
[BlackElo "2416"]
[PlyCount "99"]
[EventDate "2016.09.09"]
[EventType "swiss"]
[EventRounds "5"]
[EventCountry "CAN"]

1. c4 c6 2. d4 d5 3. Nf3 Nf6 4. e3 Bf5 5. Nc3 e6 6. Nh4 Be4 7. f3 Bg6 8. Qb3
Qc7 9. g3 Be7 10. Bd2 O-O 11. Rc1 Qd7 12. Be2 Rd8 13. cxd5 cxd5 14. Na4 Nc6 15.
Bb5 Rac8 16. Kf2 Rc7 17. Rc3 Qd6 18. Nc5 Na5 19. Qa4 b6 20. Nd3 Bxd3 21. Bxd3
Nc4 22. Bxc4 dxc4 23. Rxc4 Rxc4 24. Qxc4 g5 25. Ng2 g4 26. Rc1 gxf3 27. Kxf3 e5
28. Qc6 Qb8 29. Nh4 exd4 30. Nf5 Qe5 31. e4 Bf8 32. Bf4 Qe6 33. Bg5 Qxc6 34.
Rxc6 Nd7 35. Bxd8 Ne5+ 36. Ke2 Nxc6 37. Bf6 d3+ 38. Kd2 h5 39. a3 Kh7 40. Nd4
Nxd4 41. Bxd4 Kg6 42. Kxd3 Kg5 43. h3 h4 44. Be3+ Kh5 45. g4+ Kg6 46. Kc4 Bh6
47. Bxh6 Kxh6 48. Kd4 Kg6 49. a4 Kg5 50. Ke3 1-0

[Event "Montreal op"]
[Site "Montreal CAN"]
[Date "2016.09.11"]
[Round "4.1"]
[White "Sambuev, Bator"]
[Black "Roussel-Roozmon, Thomas"]
[Result "1/2-1/2"]
[WhiteElo "2603"]
[BlackElo "2454"]
[PlyCount "86"]
[EventDate "2016.09.09"]
[EventType "swiss"]
[EventRounds "5"]
[EventCountry "CAN"]

1. d4 Nf6 2. Nf3 e6 3. e3 c5 4. Bd3 Nc6 5. O-O d5 6. b3 Bd6 7. Bb2 O-O 8. a3 b6
9. Nbd2 Bb7 10. Qe2 Rc8 11. Ne5 Ne7 12. dxc5 Bxc5 13. b4 Bd6 14. c4 Ng6 15.
Nxg6 hxg6 16. Rac1 Qe7 17. cxd5 Nxd5 18. Nc4 Bb8 19. Ne5 a5 20. bxa5 bxa5 21.
Nc4 a4 22. g3 Rfd8 23. Na5 Ba8 24. Bb5 Bd6 25. e4 Rxc1 26. Rxc1 Nc7 27. Bxa4
Bxa3 28. Bc6 Bxb2 29. Qxb2 Qg5 30. Nb3 Bxc6 31. Rxc6 Rd1+ 32. Kg2 Qb5 33. Rxc7
Qf1+ 34. Kf3 Rd3+ 35. Kf4 Qd1 36. Nd4 Rxd4 37. Qb8+ Rd8 38. Rc8 Qd2+ 39. Kg4
Rxc8 40. Qxc8+ Kh7 41. Qc5 f5+ 42. exf5 exf5+ 43. Kh3 Qe2 1/2-1/2

[Event "Montreal op"]
[Site "Montreal CAN"]
[Date "2016.09.11"]
[Round "5.1"]
[White "Roussel-Roozmon, Thomas"]
[Black "Perez Rodriguez, Luis Manuel"]
[Result "1-0"]
[WhiteElo "2454"]
[BlackElo "2447"]
[PlyCount "99"]
[EventDate "2016.09.09"]
[EventType "swiss"]
[EventRounds "5"]
[EventCountry "CAN"]

1. d4 d5 2. c4 c6 3. Nf3 Nf6 4. e3 e6 5. Bd3 Nbd7 6. O-O Bd6 7. Nbd2 O-O 8. e4
e5 9. cxd5 cxd5 10. Re1 Re8 11. exd5 exd4 12. Ne4 Bb4 13. Nxf6+ Nxf6 14. Rxe8+
Nxe8 15. Qa4 a5 16. Bg5 Nf6 17. Bxf6 gxf6 18. a3 Bc5 19. Qc2 Qxd5 20. Bxh7+ Kg7
21. Be4 Qh5 22. g3 Bg4 23. Nh4 Rd8 24. Bf5 Rd5 25. Bxg4 Qxg4 26. Qd3 Rh5 27.
Nf3 Qg6 28. Rd1 Qxd3 29. Rxd3 Rd5 30. Kf1 a4 31. Ke2 f5 32. Ne1 Kf6 33. Rd1 f4
34. g4 Rd8 35. Nd3 Bd6 36. h4 Rh8 37. Rh1 Ke6 38. Ne1 Kd5 39. Kd3 Rc8 40. Nf3
Bf8 41. Re1 Rc6 42. Re5+ Kd6 43. Rb5 Rc1 44. Rxb7 Rd1+ 45. Ke2 Rb1 46. Nxd4 Kd5
47. Nc2 Bg7 48. Rxf7 Bxb2 49. Rxf4 Be5 50. Ne3+ 1-0

[Event "Quebec op"]
[Site "Montreal CAN"]
[Date "2016.07.23"]
[Round "1.3"]
[White "Roussel-Roozmon, Thomas"]
[Black "Cloutier, Mathieu"]
[Result "1-0"]
[WhiteElo "2454"]
[BlackElo "1993"]
[PlyCount "97"]
[EventDate "2016.07.23"]
[EventType "swiss"]
[EventRounds "8"]
[EventCountry "CAN"]

1. d4 Nf6 2. c4 c5 3. d5 e6 4. Nc3 exd5 5. cxd5 d6 6. e4 g6 7. h3 a6 8. a4 Bg7
9. Nf3 O-O 10. Bd3 Nfd7 11. Bf4 Qe7 12. O-O Ne5 13. Nxe5 Bxe5 14. Bxe5 Qxe5 15.
f4 Qg7 16. Kh2 g5 17. e5 gxf4 18. exd6 Bxh3 19. Qf3 Bg4 20. Qxf4 f5 21. Rae1
Nd7 22. Re7 Rf7 23. Rxf7 Qxf7 24. Bxf5 Bxf5 25. Qxf5 Qxf5 26. Rxf5 Re8 27. Kg3
Kg7 28. Rf4 Re5 29. Re4 Kf6 30. Kf4 Rf5+ 31. Ke3 Re5 32. Kf4 Rf5+ 33. Ke3 Re5
34. g4 Rxe4+ 35. Kxe4 Kg5 36. Kf3 Kf6 37. Kf4 h6 38. a5 c4 39. Ne4+ Kg6 40. Nd2
b5 41. axb6 Nxb6 42. Nxc4 Nxd5+ 43. Ke5 Nf6 44. Ke6 Kg5 45. Ne5 Ne4 46. b4 Nxd6
47. Kxd6 Kf4 48. Kd5 Ke3 49. Nf7 1-0

[Event "Quebec op"]
[Site "Montreal CAN"]
[Date "2016.07.24"]
[Round "2.3"]
[White "Malek, Omid"]
[Black "Roussel-Roozmon, Thomas"]
[Result "0-1"]
[WhiteElo "2053"]
[BlackElo "2454"]
[PlyCount "62"]
[EventDate "2016.07.23"]
[EventType "swiss"]
[EventRounds "8"]
[EventCountry "CAN"]

1. d4 Nf6 2. Bg5 c5 3. d5 Ne4 4. Bf4 Qb6 5. Nd2 Qxb2 6. Nxe4 Qb4+ 7. c3 Qxe4 8.
e3 e6 9. d6 Nc6 10. Nf3 e5 11. Ng5 Qg6 12. Bc4 Nd8 13. Bxe5 Qxg5 14. Bg3 g6 15.
e4 Bg7 16. Rc1 Be5 17. O-O Bxg3 18. hxg3 O-O 19. Qd3 b6 20. f4 Qh6 21. Kf2 Nc6
22. Bd5 Qg7 23. Kg1 Bb7 24. Qf3 Na5 25. Bxb7 Nxb7 26. e5 Na5 27. Qd5 Rae8 28.
Rce1 Nc6 29. Re3 Re6 30. Rfe1 Rfe8 31. Kf2 f6 0-1

[Event "Quebec op"]
[Site "Montreal CAN"]
[Date "2016.07.24"]
[Round "3.3"]
[White "Roussel-Roozmon, Thomas"]
[Black "Soudre, Nicolas"]
[Result "1-0"]
[WhiteElo "2454"]
[BlackElo "2084"]
[PlyCount "95"]
[EventDate "2016.07.23"]
[EventType "swiss"]
[EventRounds "8"]
[EventCountry "CAN"]

1. Nf3 Nf6 2. c4 e6 3. g3 b6 4. Bg2 Bb7 5. O-O Be7 6. Nc3 O-O 7. Re1 Ne4 8.
Nxe4 Bxe4 9. d3 Bb7 10. e4 c5 11. d4 cxd4 12. Nxd4 Nc6 13. Nb5 e5 14. a3 Ba6
15. Be3 Bc5 16. b4 Bxe3 17. fxe3 Bxb5 18. cxb5 Ne7 19. Qd6 Ng6 20. h4 Re8 21.
Bh3 Nf8 22. Red1 g5 23. Bxd7 Nxd7 24. Qxd7 Qxd7 25. Rxd7 gxh4 26. gxh4 Kf8 27.
Rc1 Re6 28. Rcc7 Rf6 29. Rxa7 Rc8 30. Rac7 Ra8 31. Rd3 Rh6 32. Rc6 Rxh4 33.
Rxb6 Ke7 34. Rb7+ Ke6 35. Rc3 Rg8+ 36. Kf2 Rh2+ 37. Kf3 Rh3+ 38. Ke2 Rh2+ 39.
Kd3 Rd8+ 40. Kc4 Rh4 41. b6 Rxe4+ 42. Kb5 Rd5+ 43. Rc5 Rxc5+ 44. bxc5 Rxe3 45.
c6 Rxa3 46. c7 Kd7 47. Rb8 Rb3+ 48. Kc4 1-0